000 00728nam a22002057a 4500
005 20240530110931.0
008 220214s2007 ua a g 000 0 ara d
017 _bمصر. دار الكتب
040 _aEG-CaGPL
_cEG-CaGPL
082 0 4 _221
_a915.19\
_bهـ إ
100 0 _aهونج، د. يون دوك
245 1 0 _aاكتشاف التاريخ الكورى من خلال التراث العالمى /
_cد. يون دوك هونج
250 _aط. 1
260 _aكوريا :
_bاكاديمية الدراسات الكورية،
_c2006
300 _a171 ص. ؛
_c28 سم
651 0 7 _aكوريا
_xتاريخ
651 0 7 _aكوريا
_xوصف ورحلات
942 _2ddc
_cBK
999 _c66654
_d66654